Govt. of
Madhya Pradesh

द लीडर हू हेड नो टाइटल (Record no. 67787)

MARC details
000 -LEADER
fixed length control field 00400nam a22001097a 4500
082 ## - DEWEY DECIMAL CLASSIFICATION NUMBER
Classification number 080/SHA
100 ## - MAIN ENTRY--AUTHOR NAME
Personal name रॉबिन शर्मा
245 ## - TITLE STATEMENT
Title द लीडर हू हेड नो टाइटल
260 ## - PUBLICATION, DISTRIBUTION, ETC. (IMPRINT)
Place of publication मुंबई
Name of publisher जायको पब्लिशिंग हाउस
Year of publication 2024
650 ## - SUBJECT ADDED ENTRY--TOPICAL TERM
Topical Term व्यक्तित्व विकास
942 ## - ADDED ENTRY ELEMENTS (KOHA)
Koha item type Hindi Books
Holdings
Withdrawn status Lost status Damaged status Not for loan Home library Current library Date acquired Cost, normal purchase price Full call number Accession Number Price effective from Koha item type
        MACL MACL 25/10/2024 250.00 080/SHA DPI003122 25/10/2024 Hindi Books